[Event "XXVIII Festival Conca della Presolana 1N"]
[Site "Bratto - Castione della Presolana ITA"]
[Date "2008.08.27"]
[Round "5"]
[White "Villalba, Fernando"]
[Black "Caputi, Giuliano"]
[Result "1/2-1/2"]
[WhiteElo "1847"]
[BlackElo "1978"]
[PlyCount "86"]
[EventDate "2008.08.23"]

1. d4 d5 2. Nf3 Nf6 3. Bf4 c6 4. c3 Bf5 5. h3 Nbd7 6. e3 Qb6 7. Qc1 Ne4 8. Be2
e6 9. Nbd2 Be7 10. Nxe4 Bxe4 11. O-O O-O 12. Nh2 Bg6 13. Ng4 f6 14. Bd1 h5 15.
Nh2 Bd3 16. Re1 g5 17. Qd2 Bg6 18. Bg3 h4 19. Bxh4 gxh4 20. e4 Kf7 21. exd5
cxd5 22. Bb3 Rh8 23. c4 Bb4 24. Qe3 Bxe1 25. Rxe1 Rae8 26. c5 Qc6 27. Nf3 b6
28. Qf4 bxc5 29. dxc5 Rh5 30. Ba4 Qc8 31. Qd6 Nf8 32. Bxe8+ Kxe8 33. c6 Rh7 34.
Nd4 Re7 35. Nb5 a6 36. Nc3 Qc7 37. Qc5 Kd8 38. Qb4 Qxc6 39. Qb8+ Qc8 40. Qd6+
Qd7 41. Qb8+ Qc8 42. Qd6+ Qd7 43. Qb8+ Qc8 1/2-1/2

[Event "XXVIII Festival Conca della Presolana 1N"]
[Site "Bratto - Castione della Presolana ITA"]
[Date "2008.08.28"]
[Round "6"]
[White "Bettini, Massimo"]
[Black "Quagliarella, Sabino Remo"]
[Result "0-1"]
[WhiteElo "1814"]
[BlackElo "1925"]
[PlyCount "144"]
[EventDate "2008.08.23"]

1. e4 e5 2. Nf3 Nc6 3. Bc4 Bc5 4. c3 Nf6 5. d3 O-O 6. Be3 Bb6 7. Nbd2 d6 8. Nf1
h6 9. Ng3 Ne7 10. O-O c6 11. Bb3 Qc7 12. Re1 Be6 13. Qc1 Bxe3 14. Qxe3 Ng4 15.
Qe2 Bxb3 16. axb3 Ng6 17. h3 Nf4 18. Qd2 Nf6 19. Nf5 Kh7 20. g3 Ne6 21. N3h4
Ng8 22. f4 exf4 23. gxf4 g6 24. Ng3 Qe7 25. Nf3 Qf6 26. f5 Nc5 27. Qc2 Rfe8 28.
e5 dxe5 29. b4 Nd7 30. d4 exd4 31. Nxd4 Ne5 32. fxg6+ Qxg6 33. Qxg6+ fxg6 34.
Kg2 Nf6 35. b5 c5 36. Nb3 b6 37. Rad1 Nc4 38. Rxe8 Rxe8 39. Ra1 Re7 40. Rf1
Ne3+ 41. Kf2 Nxf1 42. Nxf1 Ne4+ 43. Kg2 Nd6 44. Nbd2 Nxb5 45. Nc4 Nc7 46. Kf3
Nd5 47. Nfd2 b5 48. Nd6 Re3+ 49. Kf2 Rxh3 50. Nxb5 Rh2+ 51. Ke1 Nf4 52. Nxa7
Nd3+ 53. Kd1 Nxb2+ 54. Kc1 Nd3+ 55. Kc2 Ne5 56. Kd1 c4 57. Nb5 h5 58. Nd6 h4
59. N6e4 Rg2 60. Ke1 Kh6 61. Kf1 h3 62. Nf2 Rg3 63. Nde4 Re3 64. Nd2 Rxc3 65.
Nfe4 Rc1+ 66. Kf2 c3 67. Nb3 Rb1 68. Nd4 h2 69. Ng3 h1=N+ 70. Nxh1 Rxh1 71. Ke2
Rh2+ 72. Kd1 Rd2+ 0-1

[Event "XXVIII Festival Conca della Presolana 1N"]
[Site "Bratto - Castione della Presolana ITA"]
[Date "2008.08.28"]
[Round "6"]
[White "Biava, Pierluigi"]
[Black "Pitrola, Carlo"]
[Result "0-1"]
[WhiteElo "1872"]
[BlackElo "1837"]
[PlyCount "68"]
[EventDate "2008.08.23"]

1. e4 e6 2. Nc3 d5 3. Nf3 Bb4 4. exd5 exd5 5. Qe2+ Ne7 6. Qe3 O-O 7. Bd3 Nf5 8.
Qf4 Bd6 9. Qa4 Re8+ 10. Ne2 c5 11. c4 d4 12. Qc2 Qf6 13. O-O Nc6 14. a3 Ne5 15.
Nxe5 Qxe5 16. Ng3 Nh4 17. Bxh7+ Kh8 18. Be4 f5 19. f4 Qf6 20. Bd5 d3 21. Qxd3
Ng6 22. Ne2 Qh4 23. g3 Qf6 24. Qf3 Be6 25. Nc3 Bxd5 26. Nxd5 Qd4+ 27. Ne3 Ne7
28. Rb1 Qd3 29. Ra1 Nc6 30. Qh5+ Kg8 31. Nxf5 Re6 32. Ne3 Rh6 33. Qd5+ Qxd5 34.
Nxd5 Nd4 0-1

[Event "XXVIII Festival Conca della Presolana 1N"]
[Site "Bratto - Castione della Presolana ITA"]
[Date "2008.08.28"]
[Round "6"]
[White "Bonoldi, Fabio"]
[Black "Oteri, Aldo"]
[Result "1/2-1/2"]
[WhiteElo "1902"]
[BlackElo "1844"]
[PlyCount "81"]
[EventDate "2008.08.23"]

1. c4 Nf6 2. Nc3 e5 3. g3 d5 4. cxd5 Nxd5 5. Bg2 Be6 6. Nf3 Nc6 7. d3 f6 8. O-O
Qd7 9. a3 O-O-O 10. Nxd5 Bxd5 11. b4 g5 12. Be3 a6 13. Rc1 Kb8 14. Bc5 h5 15.
Bxf8 Rdxf8 16. Rc5 h4 17. Qa4 hxg3 18. fxg3 g4 19. Nxe5 fxe5 20. Rxf8+ Rxf8 21.
Rxd5 Qf5 22. Qd1 Qf2+ 23. Kh1 Qe3 24. Rc5 Nd4 25. Bf1 Rf2 26. Qc1 Rxe2 27. Qxe3
Rxe3 28. Kg2 Re1 29. Kf2 Rd1 30. Rxe5 Nf3 31. Re8+ Ka7 32. h4 gxh3 33. Bxh3
Rxd3 34. Re3 Rxe3 35. Kxe3 Ng5 36. Bg2 b6 37. Kd4 c5+ 38. bxc5 Ne6+ 39. Kc4
bxc5 40. Bh1 Kb6 41. g4 1/2-1/2

[Event "XXVIII Festival Conca della Presolana 1N"]
[Site "Bratto - Castione della Presolana ITA"]
[Date "2008.08.28"]
[Round "6"]
[White "Caputi, Giuliano"]
[Black "Crippa, Mario"]
[Result "1-0"]
[WhiteElo "1978"]
[BlackElo "1833"]
[PlyCount "76"]
[EventDate "2008.08.23"]

1. Nf3 Nf6 2. c4 c5 3. g3 Nc6 4. Bg2 g6 5. Nc3 Bg7 6. O-O O-O 7. d3 d6 8. Rb1
Bd7 9. h3 h5 10. a3 a5 11. Be3 Bf5 12. Qd2 Re8 13. Bh6 Rb8 14. Nh4 Nd4 15. Bxg7
Kxg7 16. e3 g5 17. Nxf5+ Nxf5 18. e4 Nh6 19. Qxg5+ Kh7 20. Nd5 Rg8 21. Nxf6+
exf6 22. Qxh5 Qe7 23. h4 Qe5 24. Qxe5 fxe5 25. b4 axb4 26. axb4 cxb4 27. Rxb4
Ra8 28. Rxb7 Ra3 29. Rd1 Rg6 30. Bh3 Rf6 31. Rb2 Ng8 32. Bf5+ Kg7 33. g4 Rh6
34. h5 Ne7 35. Kf1 Nc6 36. Ke2 Nd4+ 37. Ke3 Rh8 38. f4 Rc8 1-0

[Event "XXVIII Festival Conca della Presolana 1N"]
[Site "Bratto - Castione della Presolana ITA"]
[Date "2008.08.28"]
[Round "6"]
[White "Cavaliere, Simone"]
[Black "Scarpellini, Felice"]
[Result "0-1"]
[WhiteElo "1876"]
[BlackElo "1857"]
[PlyCount "74"]
[EventDate "2008.08.23"]

1. e4 d6 2. d4 g6 3. Nc3 Bg7 4. g3 c6 5. a4 Nf6 6. Bg2 O-O 7. Nge2 e5 8. h3
Nbd7 9. Be3 Qc7 10. O-O b6 11. f4 Ba6 12. Re1 Rad8 13. Qd2 exd4 14. Nxd4 d5 15.
exd5 cxd5 16. Ndb5 Qb8 17. Bd4 Bb7 18. Qf2 Rc8 19. Rad1 a6 20. Na3 Nc5 21. Be5
Qa8 22. Qd4 Ncd7 23. Nxd5 Nxe5 24. Ne7+ Kh8 25. fxe5 Nh5 26. Bxb7 Qxb7 27. Nxc8
Qxc8 28. Kh2 f5 29. c3 Qc6 30. Qd5 Qxa4 31. Rd4 Qe8 32. Nc4 Qe7 33. Nd6 f4 34.
gxf4 Nxf4 35. Qb7 Qh4 36. Rxf4 Qxf4+ 37. Kg1 Bxe5 0-1

[Event "XXVIII Festival Conca della Presolana 1N"]
[Site "Bratto - Castione della Presolana ITA"]
[Date "2008.08.28"]
[Round "6"]
[White "Crimi, Alessandro"]
[Black "Napoli, Ferdinando"]
[Result "1-0"]
[WhiteElo "1904"]
[BlackElo "1829"]
[PlyCount "51"]
[EventDate "2008.08.23"]

1. d4 Nf6 2. c4 g6 3. Nc3 Bg7 4. e4 O-O 5. f4 d6 6. Nf3 c5 7. d5 Na6 8. Be2 e6
9. O-O exd5 10. cxd5 Nc7 11. a4 Re8 12. f5 Nxe4 13. Nxe4 Rxe4 14. fxg6 hxg6 15.
Bd3 Re8 16. Ng5 f5 17. Qf3 Bd4+ 18. Kh1 Qe7 19. Bf4 Be5 20. Rae1 Qg7 21. Bc4
Bd7 22. Qg3 a6 23. Bxe5 dxe5 24. d6+ Ne6 25. Rxe5 Qf6 26. Rfe1 1-0

[Event "XXVIII Festival Conca della Presolana 1N"]
[Site "Bratto - Castione della Presolana ITA"]
[Date "2008.08.28"]
[Round "6"]
[White "Fiorili, Roberto"]
[Black "Calcagno, Stefano"]
[Result "1-0"]
[WhiteElo "1918"]
[BlackElo "1861"]
[PlyCount "75"]
[EventDate "2008.08.23"]

1. d4 d5 2. Nf3 c6 3. Bf4 e6 4. c3 Bd6 5. e3 Qc7 6. Bxd6 Qxd6 7. Ne5 Nd7 8. f4
g6 9. Bd3 Ne7 10. O-O f6 11. Nxd7 Bxd7 12. Nd2 O-O-O 13. c4 e5 14. c5 Qe6 15.
Qa4 Kb8 16. Rae1 Rhe8 17. Nb3 Nf5 18. Na5 Ka8 19. b4 exd4 20. exd4 Qf7 21. Rb1
Nxd4 22. b5 Nxb5 23. Qb3 Re3 24. a4 Bf5 25. Rfd1 Rxd3 26. Rxd3 Qc7 27. axb5
Qxa5 28. bxc6 Qxc5+ 29. Re3 Qxc6 30. Rc3 Qa6 31. Rbc1 h5 32. Qxd5 Qb6+ 33. Kh1
a6 34. Qf3 Qd4 35. h3 Be4 36. Qf1 Qd2 37. Rc8+ Ka7 38. Qg1+ 1-0

[Event "XXVIII Festival Conca della Presolana 1N"]
[Site "Bratto - Castione della Presolana ITA"]
[Date "2008.08.28"]
[Round "6"]
[White "Franzini, Stefano"]
[Black "Cocuzzi, Edoardo"]
[Result "0-1"]
[WhiteElo "1860"]
[BlackElo "1892"]
[PlyCount "66"]
[EventDate "2008.08.23"]

1. e4 e5 2. Nf3 Nc6 3. d4 exd4 4. Nxd4 Bc5 5. Be3 Qf6 6. Nb5 Bxe3 7. fxe3 Kd8
8. N1c3 Nge7 9. Qf3 Qxf3 10. gxf3 a6 11. Nd4 d6 12. O-O-O Ne5 13. Be2 c5 14.
Nb3 Kc7 15. f4 N5g6 16. Rhg1 Rg8 17. Nd2 b5 18. Nf3 f6 19. Rg3 Bb7 20. f5 Ne5
21. Nxe5 fxe5 22. Bf3 Raf8 23. Rdg1 g6 24. fxg6 hxg6 25. Bg4 Rf6 26. Rh3 Rg7
27. Rh6 Rgf7 28. Bh3 b4 29. Nd5+ Nxd5 30. exd5 Bxd5 31. Rgxg6 Rxg6 32. Rxg6 Rf2
33. Rg2 Bxg2 0-1

[Event "XXVIII Festival Conca della Presolana 1N"]
[Site "Bratto - Castione della Presolana ITA"]
[Date "2008.08.28"]
[Round "6"]
[White "Gambarino, Federico"]
[Black "Rota, Simone"]
[Result "0-1"]
[WhiteElo "1847"]
[BlackElo "1834"]
[PlyCount "42"]
[EventDate "2008.08.23"]

1. e4 c5 2. Nf3 d6 3. d4 cxd4 4. Nxd4 Nf6 5. Nc3 a6 6. f3 e6 7. Be3 Qc7 8. g4
h6 9. Qd2 b5 10. h4 Bb7 11. O-O-O Nc6 12. Nxc6 Bxc6 13. Bh3 Nd7 14. g5 hxg5 15.
hxg5 Ne5 16. Qf2 b4 17. Ne2 Rc8 18. Nd4 Bd7 19. Bxe6 Rxh1 20. Bxd7+ Kxd7 21.
Rxh1 Nd3+ 0-1

[Event "XXVIII Festival Conca della Presolana 1N"]
[Site "Bratto - Castione della Presolana ITA"]
[Date "2008.08.28"]
[Round "6"]
[White "Guzzetti, Luigi Enrico"]
[Black "Nardone, Massimo"]
[Result "1/2-1/2"]
[WhiteElo "1739"]
[BlackElo "1884"]
[PlyCount "98"]
[EventDate "2008.08.23"]

1. e4 d5 2. exd5 Qxd5 3. Nc3 Qa5 4. Nf3 Bf5 5. Be2 e6 6. d3 Nf6 7. Bd2 c6 8.
O-O Nbd7 9. Re1 Qc7 10. Nh4 Bg6 11. g3 Be7 12. Bf4 Bd6 13. Ng2 Bxf4 14. Nxf4 e5
15. Bg4 Nxg4 16. Qxg4 O-O-O 17. Nxg6 hxg6 18. b4 Kb8 19. Kg2 Rh6 20. Qf3 Nf6
21. Ne4 Nxe4 22. Qxe4 f6 23. c3 Qd7 24. Rad1 Qh3+ 25. Kf3 Qh5+ 26. Ke3 Qg5+ 27.
f4 exf4+ 28. Qxf4+ Qxf4+ 29. Kxf4 Rxh2 30. Re7 Rh7 31. Rde1 Kc8 32. d4 Rd7 33.
Re8+ Kc7 34. a4 Rh2 35. R1e3 Ra2 36. a5 Ra3 37. Ke4 b6 38. axb6+ axb6 39. Kd3
Kb7 40. R8e7 Kc7 41. Re8 c5 42. bxc5 bxc5 43. R8e7 cxd4 44. Rxd7+ Kxd7 45. Kxd4
Ra8 46. c4 Re8 47. Ra3 Re7 48. Ra7+ Ke8 49. Ra8+ Kd7 1/2-1/2

[Event "XXVIII Festival Conca della Presolana 1N"]
[Site "Bratto - Castione della Presolana ITA"]
[Date "2008.08.28"]
[Round "6"]
[White "Jones, Alessandro"]
[Black "Favoni, Matteo"]
[Result "1/2-1/2"]
[WhiteElo "1968"]
[BlackElo "1941"]
[PlyCount "78"]
[EventDate "2008.08.23"]

1. d4 Nf6 2. Nf3 g6 3. Nbd2 d5 4. e3 Bg7 5. Be2 O-O 6. b4 b6 7. O-O c5 8. c3
Bb7 9. bxc5 bxc5 10. Rb1 Qc7 11. dxc5 Nbd7 12. Ba3 Rfe8 13. Qa4 Bc6 14. Bb5
Bxb5 15. Rxb5 a6 16. Ra5 Nb8 17. c4 Qc8 18. cxd5 Nxd5 19. Qc4 Nc6 20. Qxd5 e6
21. Qe4 Nxa5 22. Rc1 Qc6 23. Qb4 Qb5 24. c6 Nxc6 25. Qd6 Bf8 26. Qxc6 Bxa3 27.
Rc2 Qxc6 28. Rxc6 Rec8 29. Rb6 Rab8 30. Rxa6 Rc1+ 31. Nf1 Rbb1 32. N3d2 Rb2 33.
Nb3 Rd1 34. Rxa3 Rbb1 35. g3 Rxf1+ 36. Kg2 Rfd1 37. Kf3 Rb2 38. Nd4 Rdd2 39.
Ra8+ Kg7 1/2-1/2

[Event "XXVIII Festival Conca della Presolana 1N"]
[Site "Bratto - Castione della Presolana ITA"]
[Date "2008.08.28"]
[Round "6"]
[White "Lanni, Vincenzo"]
[Black "Acunzo, Domenico"]
[Result "1-0"]
[WhiteElo "1849"]
[BlackElo "1787"]
[PlyCount "89"]
[EventDate "2008.08.23"]

1. d4 e6 2. g3 f5 3. Bg2 d5 4. Nf3 Nf6 5. O-O Bd6 6. Nbd2 O-O 7. c4 c6 8. Qc2
Qe7 9. Nh4 Ng4 10. Nb3 Qf6 11. Nf3 Nd7 12. Bd2 a5 13. h3 Nh6 14. Nxa5 f4 15. g4
Nf7 16. Nb3 Ng5 17. Nxg5 Qxg5 18. f3 Rf6 19. cxd5 exd5 20. Nc5 Nxc5 21. dxc5
Bc7 22. b4 h5 23. Rae1 hxg4 24. hxg4 Qh4 25. Ra1 Rh6 26. Rfd1 Qh2+ 27. Kf1 Bxg4
28. fxg4 Qg3 29. Qd3 Qxg4 30. Qf3 Qf5 31. Bc3 Re8 32. Bd4 Be5 33. Bxe5 Rxe5 34.
Rd4 Re3 35. Qf2 Rf6 36. Rad1 Qe5 37. Bf3 g5 38. R4d3 Qe6 39. Qg2 Qe5 40. Qg4
Kg7 41. a4 Rf7 42. Kg2 Qe7 43. Rxe3 fxe3 44. Rh1 Kf6 45. Qd4+ 1-0

[Event "XXVIII Festival Conca della Presolana 1N"]
[Site "Bratto - Castione della Presolana ITA"]
[Date "2008.08.28"]
[Round "6"]
[White "Mandolini, Riccardo"]
[Black "Cambieri, Mario"]
[Result "1-0"]
[WhiteElo "1946"]
[BlackElo "1879"]
[PlyCount "69"]
[EventDate "2008.08.23"]

1. Nc3 Nf6 2. e4 d6 3. d4 g6 4. Nf3 Bg7 5. h3 O-O 6. Be3 Nbd7 7. e5 dxe5 8.
dxe5 Ne8 9. Bc4 e6 10. Qd2 Qe7 11. Bh6 Nxe5 12. Nxe5 Bxe5 13. Bxf8 Qxf8 14. Qe3
Qg7 15. O-O Nd6 16. Be2 Bd7 17. Rad1 Bc6 18. Rfe1 Nf5 19. Qd3 Qh6 20. Bf1 Bd4
21. Nb5 Bb6 22. c3 Qf4 23. Qd2 Qh4 24. Qc2 a6 25. Na3 Ng3 26. Bd3 Qg5 27. Kh2
Nh5 28. Be4 Qf6 29. Kg1 Bxe4 30. Rxe4 Ng3 31. Rg4 Nf5 32. Nc4 Ba7 33. Rd7 Rc8
34. Re4 Qg7 35. Qd3 1-0

[Event "XXVIII Festival Conca della Presolana 1N"]
[Site "Bratto - Castione della Presolana ITA"]
[Date "2008.08.28"]
[Round "6"]
[White "Melone, Antonio"]
[Black "Sala, Giovanni"]
[Result "0-1"]
[WhiteElo "1718"]
[BlackElo "1970"]
[PlyCount "80"]
[EventDate "2008.08.23"]

1. d4 f5 2. c4 e6 3. g3 Nf6 4. Bg2 c6 5. Nf3 d5 6. O-O Bd6 7. Qc2 O-O 8. Nbd2
Ne4 9. Ne5 Bd7 10. f3 Nxd2 11. Bxd2 Be8 12. Bc3 Nd7 13. e4 Nxe5 14. dxe5 Bc5+
15. Kh1 fxe4 16. fxe4 Rxf1+ 17. Rxf1 dxc4 18. Rd1 Qe7 19. Bh3 Bh5 20. Rd2 Bf3+
21. Bg2 Bxg2+ 22. Kxg2 Rd8 23. Ba5 Rxd2+ 24. Bxd2 Qd7 25. g4 Qd3 26. Qxd3 cxd3
27. Kf3 Bd4 28. Bc3 Bxc3 29. bxc3 c5 30. c4 Kf7 31. Ke3 Ke7 32. Kxd3 Kd7 33. a4
Kc6 34. h4 Kb6 35. Kc3 Ka5 36. Kb3 g6 37. g5 a6 38. Ka3 b5 39. Kb3 b4 40. Kb2
Kxa4 0-1

[Event "XXVIII Festival Conca della Presolana 1N"]
[Site "Bratto - Castione della Presolana ITA"]
[Date "2008.08.28"]
[Round "6"]
[White "Nepi, Ezio"]
[Black "Barrera, Pietro"]
[Result "0-1"]
[WhiteElo "1833"]
[BlackElo "1881"]
[PlyCount "60"]
[EventDate "2008.08.23"]

1. d4 d5 2. c4 e6 3. Nf3 c6 4. Nc3 f5 5. Bf4 Nf6 6. e3 Bd6 7. Bd3 O-O 8. O-O
Qc7 9. Ne2 Ne4 10. c5 Bxf4 11. Nxf4 Qe7 12. Bc2 Nd7 13. Nd3 b6 14. Nfe5 Nxe5
15. Nxe5 Bb7 16. b4 Nf6 17. a3 Nd7 18. f4 Nxe5 19. fxe5 Ba6 20. Bd3 Bxd3 21.
Qxd3 b5 22. a4 a6 23. Ra3 Rac8 24. Rfa1 f4 25. axb5 axb5 26. exf4 Rxf4 27. Qg3
Rxd4 28. Ra7 Rd1+ 29. Kf2 Qf8+ 30. Ke3 d4+ 0-1

[Event "XXVIII Festival Conca della Presolana 1N"]
[Site "Bratto - Castione della Presolana ITA"]
[Date "2008.08.28"]
[Round "6"]
[White "Pulvirenti, Gianni"]
[Black "De Bortoli, Thomas"]
[Result "0-1"]
[WhiteElo "1952"]
[BlackElo "1805"]
[PlyCount "140"]
[EventDate "2008.08.23"]

1. d4 f5 2. c4 e6 3. g3 Nf6 4. Bg2 d5 5. cxd5 exd5 6. Nf3 c6 7. O-O Bd6 8. Bg5
Nbd7 9. Nc3 h6 10. Bxf6 Qxf6 11. e3 O-O 12. Ne1 Re8 13. a3 b6 14. b4 Ne5 15.
Nxd5 cxd5 16. Bxd5+ Be6 17. dxe5 Bxe5 18. Bxe6+ Rxe6 19. Rb1 Rd8 20. Qb3 Kh7
21. Nf3 Bc3 22. Rfd1 Red6 23. Rxd6 Rxd6 24. b5 Ba5 25. Rd1 Qc3 26. Rb1 Qd3 27.
Qxd3 Rxd3 28. Ra1 Kg8 29. Ra2 Kf8 30. Nd4 Bc3 31. Nxf5 Rd5 32. e4 Rxb5 33. Kf1
Ra5 34. Nd6 Ke7 35. Nc4 Ra4 36. Ne3 Ke6 37. Ke2 b5 38. Kd3 Bf6 39. f4 Rd4+ 40.
Ke2 Rxe4 41. Kd3 Rd4+ 42. Kc2 g5 43. fxg5 Bxg5 44. Nf1 Rc4+ 45. Kb3 a5 46. Re2+
Kd7 47. Nd2 a4+ 48. Kb2 Bf6+ 49. Kb1 Rc3 50. Ne4 Rb3+ 51. Ka2 Be7 52. g4 Rxa3+
53. Kb2 Rb3+ 54. Kc2 Rb4 55. Nc3 Bf6 56. Rf2 Bxc3 57. Kxc3 Rc4+ 58. Kb2 Rxg4
59. Ka3 Rg6 60. h4 Kc6 61. Rf5 Rg3+ 62. Ka2 b4 63. Rf6+ Kc5 64. Rxh6 Rg2+ 65.
Kb1 b3 66. Ra6 Kb5 67. Ra8 Kb4 68. Rc8 Rg1+ 69. Rc1 Rxc1+ 70. Kxc1 a3 0-1

[Event "XXVIII Festival Conca della Presolana 1N"]
[Site "Bratto - Castione della Presolana ITA"]
[Date "2008.08.28"]
[Round "6"]
[White "Raselli, Claudio"]
[Black "Dritsakos, Alessio"]
[Result "1-0"]
[WhiteElo "1962"]
[BlackElo "1848"]
[PlyCount "57"]
[EventDate "2008.08.23"]

1. d4 d5 2. Nf3 Nf6 3. e3 c6 4. Bd3 Bg4 5. Nbd2 Nbd7 6. O-O e5 7. dxe5 Nxe5 8.
Be2 Nxf3+ 9. Nxf3 Qc7 10. b3 Bd6 11. h3 h5 12. Bb2 O-O-O 13. a4 Kb8 14. a5 Rh6
15. Qd3 Bxf3 16. Bxf3 Bh2+ 17. Kh1 Ng4 18. Bxg4 hxg4 19. f4 gxf3 20. Rxf3 Be5
21. Bxe5 Qxe5 22. Qd4 Qxd4 23. exd4 Rh4 24. Rxf7 Rxd4 25. Rxg7 Rd2 26. Re1 Rxc2
27. Ree7 d4 28. Rxb7+ Ka8 29. a6 1-0

[Event "XXVIII Festival Conca della Presolana 1N"]
[Site "Bratto - Castione della Presolana ITA"]
[Date "2008.08.28"]
[Round "6"]
[White "Regorda, Vittorio"]
[Black "Fasiello, Andrea"]
[Result "1-0"]
[WhiteElo "1859"]
[BlackElo "1879"]
[PlyCount "46"]
[EventDate "2008.08.23"]

1. d4 d5 2. c4 e6 3. Nc3 Nf6 4. Bg5 Nbd7 5. cxd5 exd5 6. e3 c6 7. Bd3 Be7 8. f3
O-O 9. Nge2 c5 10. O-O cxd4 11. Nxd4 Ne5 12. Bf5 h6 13. Bh4 g6 14. Bxc8 Rxc8
15. Re1 Nc6 16. Qd2 Nxd4 17. exd4 Kg7 18. Rxe7 Qxe7 19. Nxd5 Qd6 20. Nxf6 Qc6
21. Ng4 g5 22. Bg3 Rfe8 23. Be5+ 23... Kg6 {...} 1-0

[Event "XXVIII Festival Conca della Presolana 1N"]
[Site "Bratto - Castione della Presolana ITA"]
[Date "2008.08.28"]
[Round "6"]
[White "Romano, Zeno"]
[Black "Carbone, Lorenzo"]
[Result "1-0"]
[WhiteElo "1948"]
[BlackElo "1767"]
[PlyCount "75"]
[EventDate "2008.08.23"]

1. e4 c5 2. Nf3 d6 3. d4 cxd4 4. Nxd4 Nf6 5. Nc3 a6 6. Be3 e6 7. Be2 Be7 8. f4
Qc7 9. Bf3 Nbd7 10. O-O O-O 11. Kh1 Rb8 12. a4 b6 13. Qe2 Bb7 14. Bd2 Nc5 15.
e5 Bxf3 16. Rxf3 Nfd7 17. Re1 Bh4 18. g3 Be7 19. b4 Nb7 20. Ne4 d5 21. Rc3 Nbc5
22. Nf2 Qb7 23. bxc5 Bxc5 24. Be3 Bb4 25. Rb3 Bxe1 26. Qxe1 Nc5 27. Ra3 Rfc8
28. Qd1 Qc7 29. Ra1 Qd7 30. c3 Qb7 31. Qh5 Qc7 32. Ng4 Ne4 33. Nf6+ gxf6 34.
exf6 Nxf6 35. Qg5+ Kf8 36. Qxf6 Qd7 37. f5 e5 38. Bg5 1-0

[Event "XXVIII Festival Conca della Presolana 1N"]
[Site "Bratto - Castione della Presolana ITA"]
[Date "2008.08.28"]
[Round "6"]
[White "Rossetti, Alberto"]
[Black "Maccarini, Luca Nicola"]
[Result "0-1"]
[WhiteElo "1689"]
[BlackElo "1920"]
[PlyCount "58"]
[EventDate "2008.08.23"]

1. e4 e5 2. Nf3 Nf6 3. Nxe5 d6 4. Nf3 Nxe4 5. d4 d5 6. Bd3 Bd6 7. O-O O-O 8. c4
c6 9. Qc2 f5 10. Nc3 Na6 11. a3 Nc7 12. c5 Be7 13. Ne5 Ne6 14. Ne2 Bf6 15. f4
Bxe5 16. fxe5 Bd7 17. Rd1 Qh4 18. Bxe4 fxe4 19. Be3 Rf7 20. Rf1 Raf8 21. Rxf7
Rxf7 22. Qd2 g5 23. Rf1 Be8 24. b4 Rxf1+ 25. Kxf1 Bh5 26. Kg1 Bxe2 27. Qxe2 Nf4
28. Qf2 Qg4 29. h3 Nxh3+ 0-1

[Event "XXVIII Festival Conca della Presolana 1N"]
[Site "Bratto - Castione della Presolana ITA"]
[Date "2008.08.28"]
[Round "6"]
[White "Roversi, Stefano"]
[Black "Paganini, Andrea"]
[Result "1/2-1/2"]
[WhiteElo "1840"]
[BlackElo "1840"]
[PlyCount "111"]
[EventDate "2008.08.23"]

1. e4 d5 2. Nc3 dxe4 3. Nxe4 e6 4. Nf3 Nf6 5. Ng3 Be7 6. d4 b6 7. Bd3 O-O 8.
O-O Bb7 9. c4 c5 10. h3 Qc7 11. Be3 Nbd7 12. Ng5 h6 13. N5e4 Rad8 14. f4 Nxe4
15. Nxe4 Bxe4 16. Bxe4 Nf6 17. Qc2 Nxe4 18. Qxe4 cxd4 19. Bf2 Qxc4 20. Rfd1 Bc5
21. a3 a5 22. Rac1 Qb3 23. Qb1 Rd5 24. Rd3 Qb5 25. Qc2 Rfd8 26. Rcd1 Qe8 27.
Qe2 f6 28. Qg4 R8d6 29. Rg3 Qf7 30. Rgd3 e5 31. fxe5 Rxe5 32. Bg3 f5 33. Qf3
Re3 34. Rxe3 dxe3 35. Rxd6 e2+ 36. Kh2 Bxd6 37. Qxe2 Bxg3+ 38. Kxg3 Qg6+ 39.
Kh2 Qd6+ 40. Kh1 Qf6 41. Qc4+ Kh7 42. Qc2 g5 43. Qc7+ Kg6 44. Qc2 Qe6 45. Qd2
Kh5 46. Qf2 g4 47. hxg4+ fxg4 48. g3 Qc6+ 49. Kh2 Kg6 50. Qd2 h5 51. Qd3+ Kg7
52. Qd4+ Qf6 53. Qd7+ Kg6 54. Qd3+ Kg7 55. Qd7+ Kg6 56. Qd3+ 1/2-1/2

[Event "XXVIII Festival Conca della Presolana 1N"]
[Site "Bratto - Castione della Presolana ITA"]
[Date "2008.08.28"]
[Round "6"]
[White "Saccani, Ettore"]
[Black "Litrico, Paolo"]
[Result "0-1"]
[WhiteElo "1873"]
[BlackElo "1921"]
[PlyCount "42"]
[EventDate "2008.08.23"]

1. e4 c6 2. d4 d5 3. Nc3 dxe4 4. Nxe4 Bf5 5. Ng3 Bg6 6. Nh3 e6 7. Bc4 Nf6 8.
O-O Nbd7 9. Re1 Be7 10. c3 O-O 11. Qb3 Qb6 12. Bxe6 fxe6 13. Qxe6+ Kh8 14. Ng5
Rae8 15. Nf5 Bd8 16. Qxe8 Rxe8 17. Rxe8+ Nxe8 18. Nh4 Bxg5 19. Bxg5 Qxb2 20.
Re1 Nef6 21. h3 Kg8 0-1

[Event "XXVIII Festival Conca della Presolana 1N"]
[Site "Bratto - Castione della Presolana ITA"]
[Date "2008.08.28"]
[Round "6"]
[White "Sanzani, Pierluigi"]
[Black "Rossini, Luca"]
[Result "1-0"]
[WhiteElo "1853"]
[BlackElo "1785"]
[PlyCount "89"]
[EventDate "2008.08.23"]

1. e4 c5 2. Nf3 d6 3. d4 cxd4 4. Nxd4 g6 5. c4 Bg7 6. Nc3 Nf6 7. Be2 O-O 8. O-O
Bd7 9. Be3 Nc6 10. Rc1 a6 11. b3 Rc8 12. f3 Qc7 13. Nd5 Qd8 14. Qd2 Nxd5 15.
cxd5 Nxd4 16. Bxd4 Bxd4+ 17. Qxd4 Qa5 18. a4 Rc7 19. Rxc7 Qxc7 20. Qc4 Rc8 21.
Qxc7 Rxc7 22. Rb1 Kg7 23. Kf2 Kf6 24. Ke3 Kg5 25. f4+ Kf6 26. Kd4 Rc2 27. e5+
dxe5+ 28. fxe5+ Kg7 29. Bf3 Bf5 30. Re1 Kf8 31. Re3 Rb2 32. Kc5 Bc2 33. Re2 Ra2
34. b4 Bb3 35. Rxa2 Bxa2 36. Kb6 Bb3 37. a5 Bc4 38. Kxb7 Bb5 39. Kc7 Ke8 40. d6
exd6 41. exd6 f5 42. Bb7 h5 43. Bxa6 Bxa6 44. d7+ Kf7 45. d8=Q 1-0

[Event "XXVIII Festival Conca della Presolana 1N"]
[Site "Bratto - Castione della Presolana ITA"]
[Date "2008.08.28"]
[Round "6"]
[White "Saracco, Marco"]
[Black "Villalba, Fernando"]
[Result "1/2-1/2"]
[WhiteElo "1939"]
[BlackElo "1847"]
[PlyCount "122"]
[EventDate "2008.08.23"]

1. d4 Nf6 2. c4 e6 3. Nf3 Bb4+ 4. Bd2 Qe7 5. a3 Bxd2+ 6. Nbxd2 O-O 7. e3 d6 8.
Be2 Nc6 9. O-O e5 10. d5 Nb8 11. Qc2 e4 12. Nd4 Re8 13. Rae1 Ng4 14. Bxg4 Bxg4
15. f3 exf3 16. N4xf3 Nd7 17. Qc3 Bh5 18. Nd4 Bg6 19. Nf5 Qe5 20. Nd4 a6 21. b4
Nf6 22. N2f3 Qe7 23. Nd2 Qd7 24. Rf3 Ne4 25. Nxe4 Rxe4 26. Rf4 Rae8 27. Rxe4
Rxe4 28. h3 Qe7 29. Kf2 Qh4+ 30. Kf1 Qg3 31. Qd2 Re5 32. Nf3 Re8 33. Kg1 Re4
34. Rc1 h5 35. Qf2 Qxf2+ 36. Kxf2 Kf8 37. Nd2 Re7 38. h4 Ke8 39. Kf3 Kd7 40.
Kf4 Bd3 41. Rc3 Be2 42. e4 f6 43. Re3 Bg4 44. Nf3 c6 45. Nd4 g6 46. Nf3 b5 47.
dxc6+ Kxc6 48. Nd4+ Kb6 49. cxb5 axb5 50. Rc3 g5+ 51. hxg5 fxg5+ 52. Kxg5 Rxe4
53. Rc6+ Kb7 54. Rxd6 Re3 55. Rd5 Rxa3 56. Nxb5 Rg3 57. Kh4 Rxg2 58. Rd4 Kc6
59. Nd6 Rh2+ 60. Kg3 Rh3+ 61. Kg2 Rb3 1/2-1/2

[Event "XXVIII Festival Conca della Presolana 1N"]
[Site "Bratto - Castione della Presolana ITA"]
[Date "2008.08.28"]
[Round "6"]
[White "Stella, Luca"]
[Black "Rozzoni, Davide"]
[Result "1-0"]
[WhiteElo "1894"]
[BlackElo "1861"]
[PlyCount "35"]
[EventDate "2008.08.23"]

1. e4 Nh6 2. d4 g6 3. Nc3 c6 4. Bf4 f6 5. Qd2 Nf7 6. Nf3 Bg7 7. h4 d6 8. O-O-O
e6 9. Kb1 O-O 10. Bd3 e5 11. Be3 Bg4 12. Bc4 b5 13. Bxf7+ Rxf7 14. dxe5 Bf8 15.
exd6 Rd7 16. e5 fxe5 17. Ne4 Bf5 18. Bg5 1-0